Molybdenum Producing Countries - Statistics

General Stats
  • This quiz has been taken 29 times
  • The average score is 7 of 10
Answer Stats
Metric Tons Answer % Correct
49,000 USA
100%
2,700 Canada
94%
120,000 China
94%
2,800 Russia
94%
17,000 Mexico
89%
58,000 Chile
72%
1,500 Mongolia
67%
30,000 Peru
61%
3,500 Iran
56%
7,000 Armenia
6%
No matching quizzes found
Score Distribution
Percent of People with Each Score
Percentile by Number Answered
Your Score History
You have not taken this quiz